| 000 | 00753nam a2200229 i 4500 | ||
|---|---|---|---|
| 001 | bg | ||
| 100 | 1 | _aCYUNCZYK, Aleksander | |
| 245 | 0 |
_aPodstawy nauki o materiałach / _cAleksander Cyunczyk. |
|
| 260 |
_aRzeszów : _bOficyna Wydaw. Politechniki Rzeszowskiej, _c1997. |
||
| 300 |
_a240 s. : _brys., wykr. ; _c24 cm. |
||
| 504 | _aBibliogr. przy rozdz. -Indeks. | ||
| 521 | _aSkrypt dla Wydz. Budowy Maszyn i Lotnictwa do wykładów i ćwiczeń z przedmiotu "Podstawy nauki o materiałach". | ||
| 650 | 9 | _aMateriałoznawstwo | |
| 655 | _aPodręczniki akademickie | ||
| 020 | _a8386705744 | ||
| 040 | _cBPK | ||
| 041 | 0 | _apl | |
| 080 | _a620.1(075.8) | ||
| 920 | _a83-86705-74-4 | ||
| 942 | _cKS | ||
| 008 | s pl f |000 0 pol | ||
| 999 |
_c31651 _d31651 |
||
| 856 |
_uhttp://koha.tu.koszalin.pl/cgi-bin/koha/opac-detail.pl?biblionumber=31651 _yKatalog online BPK |
||